Introductory plant biology
Gespeichert in:
| 1. Verfasser: | |
|---|---|
| Format: | Buch |
| Sprache: | Englisch |
| Veröffentlicht: |
Boston
McGraw Hill
2000
|
| Ausgabe: | Octava edición |
| Schlagworte: | |
| Tags: |
Tag hinzufügen
Keine Tags, Fügen Sie den ersten Tag hinzu!
|
MARC
| LEADER | 00000nam a2200000 a 4500 | ||
|---|---|---|---|
| 001 | UCO0410 | ||
| 003 | CL-VaPUC | ||
| 005 | 20230104151210.0 | ||
| 008 | 000420e20000000US |||||||||||||||||eng|d | ||
| 999 | |c 287119 |d 287117 | ||
| 040 | |c Pontificia Universidad Católica de Valparaíso | ||
| 082 | 0 | 4 | |a 581.1 STE 2000 |2 21 |
| 100 | 0 | |a Stern, Kingsley R |9 441667 | |
| 245 | 1 | 0 | |a Introductory plant biology |
| 250 | |a Octava edición | ||
| 260 | |a Boston |b McGraw Hill |c 2000 | ||
| 300 | |a 589 páginas | ||
| 500 | |a Incluye anexo: Laboratory manual: introductory plant biology | ||
| 583 | |a last modification |c 20000420 00:00:00 |k Rodrigo Vera | ||
| 650 | 0 | |a Botánica |9 264202 | |
| 650 | 0 | |a Plantas |9 264555 | |
| 650 | 0 | |a Taxonomía de las plantas |9 360224 | |
| 942 | |c BK |2 ddc | ||
| 945 | |d 20000420 00:00:00 |a vberengu | ||
| 952 | |0 0 |1 0 |2 ddc |4 0 |6 581_100000000000000_STE_2000 |7 0 |8 A |9 333544 |a BIBCUR |b BIBCUR |d 2019-11-20 |i 3613372 |o 581.1 STE 2000 |p 3613372 |r 2025-04-22 |t 1 |w 2019-11-20 |y BK |k BIO | ||
| 952 | |0 0 |1 0 |2 ddc |4 0 |6 581_100000000000000_STE_2000 |7 0 |8 A |9 333545 |a BIBCUR |b BIBCUR |d 2019-11-20 |i 3613348 |o 581.1 STE 2000 |p 3613348 |r 2025-04-22 |t 2 |w 2019-11-20 |y BK |k BIO | ||